00000000nam 2200000zi 4500
0019.947407
003CaOODSP
00520250303103444
006m     o  d f      
007cr |n|||||||||
008250127s1949    oncad   o    f000 0 eng d
040 |aCaOODSP|beng|erda|cCaOODSP
043 |an-cn-ab
0861 |aA52-284/1949E-PDF
0861 |zA51-33E-PDF
1001 |aDeLong, G. E. |q(George E.)|eauthor.
24510|aDominion Experimental Station, Lacombe, Alta. : |bprogress report, 1937-1946 / |cG. E. DeLong.
264 1|aOttawa, Canada : |bMinister of Agriculture, |c[1949]
300 |a1 online resource (91 pages) : |billustrations, charts
336 |atext|btxt|2rdacontent
337 |acomputer|bc|2rdamedia
338 |aonline resource|bcr|2rdacarrier
500 |aDigitized edition from print [provided by Agriculture and Agri-Food Canada].
61015|aCanada. |bExperimental Station (Lacombe, Alta.)
61015|aCanada. |bStation expérimentale (Lacombe, Alb.)
650 0|aAgricultural experiment stations|zAlberta|zLacombe.
650 6|aStations agronomiques|zAlberta|zLacombe.
7101 |aCanada. |bExperimental Station (Lacombe, Alta.), |eissuing body.
7101 |aCanada. |bExperimental Farms Service, |eissuing body.
85640|qPDF|s18.20 MB|uhttps://publications.gc.ca/collections/collection_2024/aac-aafc/A51-33-1937-eng.pdf
986 |a12044—15M-749